000 00405nam a2200169Ia 4500
001 17070
003 IN-NITTTR
005 20251114233201.0
008 251113s9999||||xx |||||||||||||| ||eng||
040 _beng
040 _cIN-NITTTR
041 _aeng
082 _a005.133 N156C
100 _aNanney, T. Ray
245 0 _aComputing and problem-solving with PASCAL /
_cNanney, T. Ray
942 _2ddc
_cBK
999 _c19704
_d19704